Toutes les Techniques de Sol Daystar/Amemiya D'Inazuma Eleven - Statistiques

Statistiques générales
  • Ce quiz a été pris 33 fois
  • Le résultat moyen est 6 sur 8
Statistiques - réponses
Réponse Type de quiz Première Utilisation % Correct
Apollon, Dieu du Soleil Esprit Guerrier GO
96%
Coup de Soleil TIR EG GO
96%
Enfant du Tonnerre TIR FILM
86%
Zhuge Liang MIXIMAX GO CS
86%
Tacle Fulgurant DEF FILM
61%
Tempête Solaire TIR FILM
50%
Opale, Protectrice Céleste Esprit Guerrier MIXIMAX JEUX CS
46%
Orage ATT EG JEUX CS
46%
Aucun quiz correspondant
Distribution des résultats
% des personnes avec chaque résultat
Percentile par nombre de réponses
Votre historique - résultats
Vous n’avez pas pris ce quiz